[Event "Montigny le Bretonneux Noel op 16th"]
[Site "Montigny le Bretonneux"]
[Date "2015.12.27"]
[Round "1"]
[White "Saugrain, Jean Maxime"]
[Black "Levier, Jean Francois"]
[Result "1-0"]
[WhiteElo "1813"]
[BlackElo "1458"]
[PlyCount "87"]
[EventDate "2015.12.27"]
[EventType "swiss"]
[EventRounds "7"]
[EventCountry "FRA"]
[SourceTitle "CBM 170 Extra"]
[Source "ChessBase"]
[SourceDate "2016.02.25"]
[SourceVersion "1"]
[SourceVersionDate "2016.02.25"]
[SourceQuality "1"]

1. c4 d6 2. d4 c6 3. e4 Qc7 4. Nc3 e5 5. d5 Nf6 6. f4 a6 7. a4 cxd5 8. cxd5 Be7 9. Nf3 h6 10. fxe5 dxe5 11. Bd3 Bg4 12. 0-0 Nbd7 13. Be3 Bc5 14. Qd2 Bxe3+ 15. Qxe3 0-0 16. h3 Bh5 17. Nh4 Bg6 18. Nf5 Nh5 19. Ne2 Nc5 20. Rac1 b6 21. b4 Nf4 22. bxc5 Nxd3 23. Qxd3 bxc5 24. d6 Qa7 25. Kh1 Bxf5 26. Rxf5 f6 27. Qd5+ Kh7 28. Rxc5 Qd7 29. a5 Qa4 30. Rf1 Rfd8 31. Ng3 Rd7 32. Qxa8 Rxd6 33. Rd5 Re6 34. Qb7 Qa3 35. Nf5 Qf8 36. Rd7 Kh8 37. Rxg7 Re8 38. Rh7+ Kg8 39. Nxh6+ Qxh6 40. Rxh6 Re6 41. Qh7+ Kf8 42. Rfxf6+ Rxf6 43. Rxf6+ Ke8 44. Rxa6 1-0